=LDR 00000nam 2200000 4500 =001 000854 =005 20250712090503 =035 ##$$a 0010-0725000729 =007 ta =008 250712################a##########0#ind## =020 ##$$a 978-623-472-017-4 =082 ##$$a 398.209 598 =084 ##$$a 398.209 598 KAS b =100 #$$a Kasturia, Kiran =245 1#$$a Bima Si Tukang Tidur /$c Kiran Kasturia =250 ##$$a Cetakan Pertama =260 ##$$a Jakarta :$b Badan pengembangan dan pembinaan bahasa,$c 2022 =300 ##$$a 16 hlm. : $b Ilus. ; $c 22,9 cm =650 #4$$a Cerita anakIndoneaia-Terjemahan-jerman =650 #4$$a Literasi-Bahan Bacaan